000 00680nam a2200241 4500
001 000010885
005 20200929162319.0
008 690815s1968 ne a b 001 0 eng
010 _a68012476
015 _aNe***
040 _aDO-SdBNP
_cDLC
_dDLC
050 0 0 _aTA455.C55
_bG5
100 1 _aGillott, Jack E.
_926249
245 1 0 _aClay in engineering geology. /
_cBy Jack E. Gillott.
260 _aAmsterdam,
_aNew York [etc.] :
_bElsevier Pub. Co.,
_c1968.
300 _aix, 303 p. with illus. ;
_c24 cm.
504 _aIncludes bibliographies.
650 0 _aClay.
_926250
650 0 _aEngineering geology.
_926251
910 _aDC
082 0 0 _a553/.61
350 _a50.00
999 _c10630
_d10630